000 00565nam a2200241Ia 4500
003 OSt
005 20221005124120.0
006 a|||||r|||| 00| 0
007 ta
008 221004b |||||||| |||| 00| 0 tam d
024 _a45565
037 _cTextual
040 _aCRL
_cCRL
_btam
041 _2tam
_atam
082 _aK96, 31K8
100 _aKurup
_9627919
245 0 _aMayilnamthn desiyaparavai
260 _c1968
300 _a75p.
_ccm.
650 _aZOOLOGY
942 _hK96, 31K8
_cTEXL
_2cc
999 _c1049518
_d1049518